00652nam a2200241 a 4500001001300000003000900013005001700022008004100039020000900080082001800089100001800107245002500125260003100150300000900181500003500190505001000225650001100235700001800246902000800264942000700272952011600279999001500395nice12345678IN_TiNIC20260116012023.0050524s1978 boma grp 000 0 urd  ac1000a297.1247bABD aAbdul Wahab,  aNaseehatul Muslimeen aBombaybDarus Salfiac1978 a216p aincludes index and biblioraphy2 aIndex aHadith1 aAbdul Wahab,  bSRS cBK 001040708StackRoom-aHMIbHMId2007-08-08g10.00l0o297.1247 ABDp09590r2007-08-08v10.00w2005-05-24yBK c5318d5318